Cenotvorba v stavebníctve : Súčasné trendy a vízie /

Saved in:
Bibliographic Details
Main Authors: Mesároš, Peter (Author), Mesároš, František (Author), Talian, Juraj (Author), Mandičák, Tomáš (Author)
Other Authors: Čarnický, Štefan (Reviewer), Tichá, Alena (Reviewer), Sabol, Lukáš (Reviewer)
Format: Book
Language:Slovak
Published: Bratislava : Vydavateľstvo Eurostav, 2018
Edition:1. vydanie
Subjects:
Tags: Add Tag
No Tags, Be the first to tag this record!

MARC

LEADER 00000nam a22000003a 4500
001 0082623
003 SK-STU
005 20200731150643.4
007 ta
008 200731s ----xo-----e------000-0-----d
020 |a 978-80-89228-57-7 
040 |a STU  |b slo 
041 0 |a slo 
044 |a xo 
100 1 |a Mesároš, Peter  |4 aut 
245 1 0 |a Cenotvorba v stavebníctve :  |b Súčasné trendy a vízie /  |c aut. Peter Mesároš, František Mesároš, Juraj Talian, Tomáš Mandičák ; rec. Štefan Čarnický, Alena Tichá, Lukáš Sabol 
250 |a 1. vydanie 
260 |a Bratislava :  |b Vydavateľstvo Eurostav,  |c 2018 
300 |a 172 s. 
650 0 7 |a Ceny-kalkulácia a tvorba 
650 0 7 |a cenotvorba 
650 0 7 |a náklady 
650 0 7 |a stavebný rozpočet 
700 1 |a Mesároš, František  |4 aut 
700 1 |a Talian, Juraj  |4 aut 
700 1 |a Mandičák, Tomáš  |4 aut 
700 1 |a Čarnický, Štefan  |4 rev 
700 1 |a Tichá, Alena  |4 rev 
700 1 |a Sabol, Lukáš  |4 rev 
996 |b 284AU08433  |c A* 11693/U  |l AAKNST  |s P  |a 0  |w 0082623_0001